00301nam a22001337a 4500020001800000082001200018100001900030100001600049245004100065260002600106300000800132650001200140650001500152 a9780495477594 a530 SER aSerway,Raymond aJewett,John aPhysics for Scientists and Engineers a MasonbCengagec2008 a361 aphysics aScientists